000 00931nas a2200289 4500
001 BR9804210
003 BR-BrBNA
005 20231205101047.0
007 ta
008 230509b bl.|||p| |||| 00| 00por d
040 _aBR-BrBNA
_bpor
_cBiblioteca Nacional de Agricultura
041 _a(En)
072 _aL73
100 1 _aOliveira, V.C. de
100 1 _aSanavria, A.
100 1 _aFedullo, L.P.
100 1 _ad'Almeida, J.M.
245 1 _aCapture of adults Cochliomya hominivorax (Coquerel, 1858)(Diptera, Calliphoridae)and occurrence of myiasis in wild animals of the Rio de Janeiro Zoo
650 _aAnimal Selvagem
650 _aMiiase
650 _aDiptera
650 _aCaptura
650 _aRio de Janeiro
773 0 _tRevista Brasileira de Medicina Veterinaria (Brazil)
_xISSN 0100-2430
_g(Mar-Abr 1998), v. 20(2) p. 60-63
_wBR9804210
909 _a202311
_bLúcia
_c55
_dLúcia Elande
942 _2AGRIS
_n0
_cANA
999 _c159494
_d159494